000 00504nam a22001697a 4500
003 OSt
005 20221012164324.0
008 221012b |||||||| |||| 00| 0 eng d
020 _a978-970-32-5138-4
040 _cBiblioteca Lado V
082 _a708
_bC581m
100 _9149
_aCué, Ana Laura
_eeditora
245 _aMemorias 2003-2006/
260 _aMexico
_bMuca Roma: Museo Universitario de Ciencias y Arte
_c2007
300 _a168p.
_b16x24cm
942 _2ddc
_c1
_h708
_iC581m
_n0
999 _c2268
_d2268